000 00309nam a22001337a 4500
008 171002b xxu||||| |||| 00| 0 eng d
020 _a9780415902182
041 _aeng
080 _a159.9
100 _a48
101 _aPSI
245 _aA CULTURAL CRITIQUE PHYCOANALYSIS
_cBRENKMAN.J
942 _2udc
_cBK
999 _c31259
_d31259